01013nam a2200265 a 4500001001200000003000800012006001900020007001500039008004100054020001800095040002100113035002100134050002900155100002100184245007000205260004200275300001900317504004100336533015200377650002900529655002900558710001700587856012600604999001700730ebr10416304CaPaEBRm u cr cn|||||||||100930s2010 ii a sb 000 0 eng d z9788184885118 aCaPaEBRcCaPaEBR a(OCoLC)70004206214aHF5549.5.C67bB43 2010eb1 aBhatia, Kanchan.10aCompensation managementh[electronic resource] /cKanchan Bhatia. aMumbai :bHimalaya Pub. House,c2010. a188 p. :bill. aIncludes bibliographical references. aElectronic reproduction.bPalo Alto, Calif. :cebrary,d2010.nAvailable via World Wide Web.nAccess may be limited to ebrary affiliated libraries. 0aCompensation management. 7aElectronic books.2local2 aebrary, Inc.40uhttp://site.ebrary.com/lib/rucke/Doc?id=10416304zAn electronic book accessible through the World Wide Web; click to view c84271d84271